banner-ar

اوديسة هوميروس: (الترجمة الكاملة فى الاصل اليونانى المقارن) / (Record no. 39755)

MARC details
000 -الفاتح
حقل البيانات ثابتة الطول 00565nam a2200193Ia 4500
008 - عناصر البيانات ثابتة الطول - معلومات عامة
حقل البيانات ثابتة الطول 140319s9999 xx 000 0 ara d
040 ## - مصدر الفهرسة
وكالة الفهرسة الأصلية GCL /
وكالة النسخ GCL
082 04 - رقم تصنيف ديوى العشرى
رقم التصنيف 883
رقم المادة هـ ا
100 1# - المدخل الرئيسى - إسم شخصى
الإسم الشخصى امين سلامة
245 10 - بيان العنوان
العنوان اوديسة هوميروس: (الترجمة الكاملة فى الاصل اليونانى المقارن) /
بيان المسئوليه,etc امين سلامة
700 1# - المدخل الاضافى - اسم شخصى
الإسم الشخصى هوميروس
300 ## - الوصف المادى
التعداد 309 ص
490 ## - بيان السلسلة
عنوان السلسلة
650 04 - المدخل الاضافى بالموضوع-مصطلح موضوعى
مصطلح موضوعي الادب اليونانى
650 04 - المدخل الاضافى بالموضوع-مصطلح موضوعى
مصطلح موضوعي الادب
650 04 - المدخل الاضافى بالموضوع-مصطلح موضوعى
مصطلح موضوعي الالياذة
942 ## - عناصر المدخل الإضافي( كوها)
مصدر التصنيف او مخطط الترفيف Dewey Decimal Classification
Koha [default] item type كتاب
Holdings
حالة التراجع حالة الفقد حالة تلف ليس للاعارة المكان المؤقت الموقع الحالى تاريخ الاكتساب اجمالي اﻻعارات رقم الطلب الباركود تاريخ اخر مشاهدة تاريخ تفعيل السعر نوع وعاء كوها
        مكتبة القاهرة الكبرى مكتبة القاهرة الكبرى 03/26/2014   883\هـ ا 97002 03/26/2014 03/26/2014 كتاب

Powered By

EGPV